000 00528nam a2200193Ia 4500
003 GCL
008 140319s9999 xx 000 0 ara d
040 _aGCL /
_cGCL
082 0 4 _a925.610
_bا ع
100 1 _aكريم الشيخ اسماعيل
245 1 0 _aاعلام الطب الحديث /
_cكريم الشيخ اسماعيل
300 _a183 ص
490 _aكتاب
_v0
650 0 4 _aالطب
650 0 4 _aالاطباء
650 0 4 _aالحكماء
650 0 4 _aالاطباء - تراجم
942 _2ddc
_cBK
999 _c42295
_d42295